[Event "Karposh Open  2012"]
[Site "Skopje MKD"]
[Date "2012.04.07"]
[Round "1.1"]
[White "Berkes, Ferenc"]
[Black "Ratkovic, Miloje"]
[Result "1-0"]
[WhiteElo "2682"]
[BlackElo "2186"]
[PlyCount "77"]
[EventDate "2012.04.07"]
[EventType "swiss"]
[EventRounds "9"]
[Source "lmi"]
[SourceDate "2012.04.07"]

1. d4 d5 2. Bf4 Nf6 3. e3 Bf5 4. c4 c6 5. Nc3 e6 6. Qb3 b6 7. Nf3 Bd6 8. Ne5
dxc4 9. Bxc4 O-O 10. Be2 Nd5 11. g4 Bg6 12. h4 Nxc3 13. bxc3 Bxe5 14. Bxe5 h6
15. Bf3 Qc8 16. g5 h5 17. Qd1 Qa6 18. Bxh5 Bxh5 19. Qxh5 Qa3 20. O-O Nd7 21.
Bg3 Qxc3 22. Rac1 Qa5 23. Rxc6 Qxa2 24. Rfc1 Qd5 25. Rd6 Qb5 26. Qd1 Rfd8 27.
Rc7 Nf8 28. Rxd8 Rxd8 29. Rxa7 Qd5 30. Qc2 b5 31. Qc5 Qf3 32. Qxb5 Rc8 33. Qf1
Ng6 34. Qg2 Rc1+ 35. Kh2 Qh5 36. Qa8+ Kh7 37. Qe4 Kg8 38. Ra8+ Kh7 39. Rf8 1-0

[Event "Karposh Open  2012"]
[Site "Skopje MKD"]
[Date "2012.04.07"]
[Round "1.2"]
[White "Mitkovski, Zarko"]
[Black "Georgiev, Kiril"]
[Result "0-1"]
[WhiteElo "2185"]
[BlackElo "2671"]
[PlyCount "48"]
[EventDate "2012.04.07"]
[EventType "swiss"]
[EventRounds "9"]
[Source "lmi"]
[SourceDate "2012.04.07"]

1. e4 c5 2. Nf3 d6 3. d4 cxd4 4. Nxd4 Nf6 5. Nc3 a6 6. Bc4 e6 7. Bb3 b5 8. a3
Bb7 9. Qe2 Nbd7 10. Bg5 h6 11. Bh4 Rc8 12. f4 g5 13. fxg5 hxg5 14. Bxg5 Rc5 15.
Nf3 Qc7 16. Bxf6 Nxf6 17. O-O Bg7 18. g3 Rxc3 19. bxc3 Nxe4 20. Qe3 Bxc3 21.
Rad1 Qc5 22. Rd3 Qxe3+ 23. Rxe3 Ke7 24. Rd1 Ba5 0-1

[Event "Karposh Open  2012"]
[Site "Skopje MKD"]
[Date "2012.04.07"]
[Round "1.3"]
[White "Ivanisevic, Ivan"]
[Black "Muratet Casadevall, Albert"]
[Result "1-0"]
[WhiteElo "2645"]
[BlackElo "2185"]
[PlyCount "123"]
[EventDate "2012.04.07"]
[EventType "swiss"]
[EventRounds "9"]
[Source "lmi"]
[SourceDate "2012.04.07"]

1. d4 Nf6 2. c4 g6 3. Nc3 Bg7 4. e4 d6 5. Nf3 O-O 6. h3 e5 7. dxe5 dxe5 8. Be3
Nc6 9. Be2 b6 10. O-O Bb7 11. Re1 Re8 12. Bf1 Nh5 13. Qxd8 Nxd8 14. c5 Ne6 15.
Bb5 c6 16. Bc4 Nd4 17. Ng5 Re7 18. Rad1 h6 19. Nf3 Rd8 20. Bxd4 exd4 21. e5 Nf4
22. Ne4 Kf8 23. Nd6 bxc5 24. Ne4 Bc8 25. Nxc5 d3 26. Bxd3 Rd5 27. b4 Bxe5 28.
Be4 Rxd1 29. Rxd1 Bc3 30. Rd8+ Kg7 31. a3 Rc7 32. Na4 Bf6 33. Rd6 Bd7 34. Nc5
Be8 35. Na6 Rc8 36. Kh2 Ne6 37. Rd2 Ng5 38. Nxg5 Bxg5 39. Rc2 Be7 40. g3 Bd7
41. Nc5 Be8 42. Kg2 Kf6 43. f4 Bd6 44. Nb7 Bf8 45. Kf3 Ke7 46. g4 Bd7 47. Nc5
f5 48. gxf5 Bxf5 49. Bxf5 gxf5 50. Rd2 Kf6 51. Nd7+ Ke6 52. Nxf8+ Rxf8 53. Rc2
Kd6 54. Rc5 Rf6 55. Ra5 Rf7 56. Kg3 Re7 57. Kf3 Rf7 58. h4 Ke6 59. h5 Rd7 60.
Ke3 Kf6 61. Ra6 Rc7 62. b5 1-0

[Event "Karposh Open  2012"]
[Site "Skopje MKD"]
[Date "2012.04.07"]
[Round "1.5"]
[White "Markus, Robert"]
[Black "Dorfanis, Ilarion"]
[Result "1-0"]
[WhiteElo "2625"]
[BlackElo "2183"]
[PlyCount "81"]
[EventDate "2012.04.07"]
[EventType "swiss"]
[EventRounds "9"]
[Source "lmi"]
[SourceDate "2012.04.07"]

1. d4 d5 2. c4 e6 3. Nf3 Nf6 4. g3 Bb4+ 5. Bd2 Be7 6. Bg2 O-O 7. O-O c6 8. Qc2
Nbd7 9. Rd1 a5 10. Bf4 Nh5 11. Bc1 b5 12. cxd5 cxd5 13. e4 dxe4 14. Qxe4 Rb8
15. Ne5 Nhf6 16. Qc2 Nxe5 17. dxe5 Nd7 18. Nc3 Bb7 19. Ne4 Bd5 20. Qe2 Qc7 21.
Bf4 Qb7 22. Nd6 Bxd6 23. Bxd5 exd5 24. exd6 Rfe8 25. Qf3 Rbc8 26. Rac1 Ne5 27.
Bxe5 Rxe5 28. Rxc8+ Qxc8 29. Rxd5 Re1+ 30. Kg2 Qc4 31. Rd3 Re8 32. b3 Qc5 33.
Qd5 Qxd5+ 34. Rxd5 a4 35. b4 Kf8 36. Rxb5 Rd8 37. Ra5 Rxd6 38. Rxa4 Rd2 39. b5
Rb2 40. Ra8+ Ke7 41. a4 1-0

[Event "Karposh Open  2012"]
[Site "Skopje MKD"]
[Date "2012.04.07"]
[Round "1.6"]
[White "Ratkovic, Milovan"]
[Black "Delchev, Aleksander"]
[Result "0-1"]
[WhiteElo "2183"]
[BlackElo "2622"]
[PlyCount "102"]
[EventDate "2012.04.07"]
[EventType "swiss"]
[EventRounds "9"]
[Source "lmi"]
[SourceDate "2012.04.07"]

1. d4 Nf6 2. Nf3 g6 3. Nc3 d5 4. Bf4 Bg7 5. e3 O-O 6. Be2 c5 7. O-O cxd4 8.
exd4 Bf5 9. Ne5 Nbd7 10. Bd3 Bxd3 11. Qxd3 Nh5 12. Be3 Nxe5 13. dxe5 Bxe5 14.
Nxd5 e6 15. Nc3 Qxd3 16. cxd3 Rfd8 17. Rfd1 Nf6 18. d4 Bd6 19. Bg5 Be7 20. d5
exd5 21. Re1 h6 22. Bxh6 Bc5 23. Bg5 Ng4 24. Bh4 g5 25. h3 gxh4 26. hxg4 d4 27.
Ne4 Bb6 28. Red1 d3 29. Rd2 Rd4 30. Nc3 Rad8 31. Re1 Rxg4 32. Kh2 f5 33. Kh3
Kf7 34. Re5 Kf6 35. Rd5 Rd4 36. Rxd8 Rxd8 37. Na4 Ba5 38. Rd1 Rd5 39. Nc3 Bxc3
40. bxc3 d2 41. f4 Rd3+ 42. Kxh4 Kg6 43. c4 b6 44. g3 Kh6 45. a3 Kg6 46. a4 a5
47. Kh3 Kh5 48. Kg2 Kg4 49. Kf2 Rxg3 50. Rxd2 Rc3 51. Rd4 Rf3+ 0-1

[Event "Karposh Open  2012"]
[Site "Skopje MKD"]
[Date "2012.04.07"]
[Round "1.7"]
[White "Kozul, Zdenko"]
[Black "Krstev, Emil"]
[Result "1-0"]
[WhiteElo "2602"]
[BlackElo "2173"]
[PlyCount "85"]
[EventDate "2012.04.07"]
[EventType "swiss"]
[EventRounds "9"]
[Source "lmi"]
[SourceDate "2012.04.07"]

1. d4 d5 2. c4 e5 3. dxe5 d4 4. Nf3 Nc6 5. a3 Be6 6. e3 dxe3 7. Qxd8+ Rxd8 8.
Bxe3 h6 9. Nc3 a6 10. Nd5 Bxd5 11. cxd5 Rxd5 12. Bc4 Rd8 13. O-O g5 14. Rfe1
Bg7 15. h4 g4 16. Nh2 h5 17. Bg5 Rd4 18. Rac1 Nxe5 19. Ba2 c6 20. Nf1 Ne7 21.
Ng3 Rd7 22. Rc2 f6 23. Bd2 Nd5 24. Ne4 f5 25. Ng5 Re7 26. Bxd5 cxd5 27. Bb4 Rd7
28. Rc8+ Rd8 29. Rxd8+ Kxd8 30. Ne6+ Kd7 31. Nxg7 Nd3 32. Re7+ Kc6 33. Nxf5
Nxb4 34. axb4 Rf8 35. Nd4+ Kd6 36. Rxb7 Rf4 37. Rb6+ Ke5 38. Nc6+ Ke4 39. Rxa6
d4 40. b5 Kd3 41. Ra4 Ke2 42. Nxd4+ Kd3 43. b6 1-0

[Event "Karposh Open  2012"]
[Site "Skopje MKD"]
[Date "2012.04.07"]
[Round "1.8"]
[White "Stosevski, Ilija"]
[Black "Solak, Dragan"]
[Result "0-1"]
[WhiteElo "2168"]
[BlackElo "2602"]
[PlyCount "111"]
[EventDate "2012.04.07"]
[EventType "swiss"]
[EventRounds "9"]
[Source "lmi"]
[SourceDate "2012.04.07"]

1. g3 e5 2. Bg2 d5 3. Nf3 Nc6 4. d3 Nf6 5. c3 a5 6. O-O Be7 7. d4 e4 8. Ne5
Nxe5 9. dxe5 Ng4 10. c4 e3 11. Bxe3 Nxe3 12. fxe3 dxc4 13. Qa4+ c6 14. Qxc4 Be6
15. Qd4 Bg5 16. Qc5 a4 17. Nc3 Ra5 18. Qb4 Bxe3+ 19. Kh1 Qb6 20. Qd6 Qd8 21.
Qb4 Rxe5 22. Qxb7 O-O 23. Qb4 c5 24. Qxa4 c4 25. Rad1 Qg5 26. Qc6 h5 27. Nd5 h4
28. gxh4 Qxh4 29. Qd6 f6 30. Ne7+ Kh7 31. Nc6 Rh5 32. Rf3 Rf7 33. Rdf1 Bc5 34.
Qg3 Qxg3 35. Rxg3 Bd6 36. Nd4 Bxg3 37. Nxe6 Re7 38. Nd4 Rxh2+ 39. Kg1 Bc7 40.
Bf3 g6 41. Rc1 Rh4 42. Nb5 Bf4 43. Rd1 Re5 44. Rd5 Rg4+ 45. Kh1 Rxd5 46. Bxd5
Be5 47. Na3 Rd4 48. Bxc4 Rh4+ 49. Kg2 Bxb2 50. Kg3 Re4 51. Kf3 f5 52. Bd3 Bxa3
53. Bxe4 fxe4+ 54. Kxe4 Kh6 55. Ke5 g5 56. Kd4 0-1

[Event "Karposh Open  2012"]
[Site "Skopje MKD"]
[Date "2012.04.07"]
[Round "1.9"]
[White "Palac, Mladen"]
[Black "Andrejic, Vladica"]
[Result "1-0"]
[WhiteElo "2593"]
[BlackElo "2164"]
[PlyCount "85"]
[EventDate "2012.04.07"]
[EventType "swiss"]
[EventRounds "9"]
[Source "lmi"]
[SourceDate "2012.04.07"]

1. e4 d5 2. exd5 Nf6 3. d4 Nxd5 4. Nf3 Bg4 5. h3 Bh5 6. g4 Bg6 7. Ne5 e6 8. h4
f6 9. Nxg6 hxg6 10. Bg2 c6 11. c4 Bb4+ 12. Ke2 Ne7 13. Qb3 Qb6 14. c5 Qb5+ 15.
Kd1 Nd5 16. a3 Ba5 17. Bxd5 exd5 18. Qxb5 cxb5 19. b4 Bd8 20. Nc3 a6 21. Nxd5
Nc6 22. Bb2 Kf7 23. Kc2 Be7 24. Ne3 Rae8 25. d5 Nb8 26. Rae1 Bd8 27. Ng2 Bc7
28. Rxe8 Rxe8 29. Re1 Rh8 30. Kd3 Nd7 31. d6 Bd8 32. Ke4 Nb8 33. Kd5 Nc6 34.
Bc3 Nb8 35. Nf4 Nc6 36. Ne6 Re8 37. d7 Rh8 38. Nxd8+ Nxd8 39. Kd6 Nc6 40. Kc7
Nd8 41. g5 Rg8 42. gxf6 gxf6 43. Bxf6 1-0

[Event "Karposh Open  2012"]
[Site "Skopje MKD"]
[Date "2012.04.07"]
[Round "1.10"]
[White "Vladimirov, Vladimir"]
[Black "Sedlak, Nikola"]
[Result "1-0"]
[WhiteElo "2162"]
[BlackElo "2593"]
[PlyCount "63"]
[EventDate "2012.04.07"]
[EventType "swiss"]
[EventRounds "9"]
[Source "lmi"]
[SourceDate "2012.04.07"]

1. Nf3 Nf6 2. g3 g6 3. Bg2 Bg7 4. O-O O-O 5. c4 d5 6. cxd5 Nxd5 7. Nc3 Nb6 8.
d3 Nc6 9. a3 e5 10. Rb1 Nd4 11. Bd2 a5 12. Rc1 a4 13. Nxd4 exd4 14. Ne4 h6 15.
Qc2 Nd5 16. Nc5 Re8 17. Rfe1 b6 18. Qc4 Re5 19. Nxa4 b5 20. Qxb5 Bd7 21. Qb7
Bxa4 22. f4 Rf5 23. g4 Rb8 24. Qa7 Rxf4 25. Bxf4 Nxf4 26. Qxa4 Nxg2 27. Kxg2
Qh4 28. Qd7 Be5 29. Rh1 Rd8 30. Qc6 Qxg4+ 31. Kf1 Rd6 32. Qe8+ 1-0

[Event "Karposh Open  2012"]
[Site "Skopje MKD"]
[Date "2012.04.07"]
[Round "1.11"]
[White "Damljanovic, Branko"]
[Black "Petkovski, Vlatko"]
[Result "1-0"]
[WhiteElo "2582"]
[BlackElo "2160"]
[PlyCount "43"]
[EventDate "2012.04.07"]
[EventType "swiss"]
[EventRounds "9"]
[Source "lmi"]
[SourceDate "2012.04.07"]

1. d4 Nf6 2. c4 c5 3. d5 d6 4. Nc3 g6 5. e4 Bg7 6. Nf3 O-O 7. Nd2 e6 8. Be2 Re8
9. O-O Na6 10. dxe6 fxe6 11. e5 dxe5 12. Nde4 Nxe4 13. Nxe4 Qc7 14. Bg5 Rf8 15.
Qd6 Rf7 16. Rfd1 h6 17. Qxc7 Nxc7 18. Rd8+ Kh7 19. Be3 b6 20. Nd6 Rd7 21. Rxc8
Rxd6 22. Rxc7 1-0

[Event "Karposh Open  2012"]
[Site "Skopje MKD"]
[Date "2012.04.07"]
[Round "1.13"]
[White "Yemelin, Vasily"]
[Black "Vachev, Vladimir"]
[Result "1-0"]
[WhiteElo "2567"]
[BlackElo "2152"]
[PlyCount "61"]
[EventDate "2012.04.07"]
[EventType "swiss"]
[EventRounds "9"]
[Source "lmi"]
[SourceDate "2012.04.07"]

1. e4 c5 2. Nf3 e6 3. d4 cxd4 4. Nxd4 Nf6 5. Nc3 d6 6. f4 a6 7. Qf3 Qc7 8. g4
Nc6 9. Nxc6 bxc6 10. b3 d5 11. Bb2 Bb7 12. Bd3 Qa5 13. O-O-O Ba3 14. g5 Nd7 15.
Na4 Bxb2+ 16. Kxb2 O-O 17. Qh5 g6 18. Qh6 Qb4 19. c3 Qd6 20. e5 Qe7 21. h4 Rfe8
22. h5 Nf8 23. c4 a5 24. Rh2 Ba6 25. Rdh1 Ra7 26. hxg6 fxg6 27. Bxg6 dxc4 28.
Bxe8 Qxe8 29. g6 Nxg6 30. Nc5 Qe7 31. Qxg6+ 1-0

[Event "Karposh Open  2012"]
[Site "Skopje MKD"]
[Date "2012.04.07"]
[Round "1.15"]
[White "Hera, Imre Jr"]
[Black "Yurtseven, Melih"]
[Result "1-0"]
[WhiteElo "2555"]
[BlackElo "2147"]
[PlyCount "81"]
[EventDate "2012.04.07"]
[EventType "swiss"]
[EventRounds "9"]
[Source "lmi"]
[SourceDate "2012.04.07"]

1. c4 Nf6 2. Nc3 Nc6 3. d4 e5 4. d5 Ne7 5. Nf3 Ng6 6. h4 e4 7. Ng5 Bb4 8. h5
Ne5 9. Qd4 Qe7 10. Ngxe4 Nxe4 11. Qxe4 f5 12. Qc2 O-O 13. a3 Bc5 14. Bf4 d6 15.
Na4 Bd4 16. Rd1 c5 17. dxc6 Nxc6 18. e3 Be5 19. Be2 Bd7 20. Nc3 Rae8 21. Nd5
Qf7 22. O-O Be6 23. Bf3 Kh8 24. b4 Rc8 25. Qd2 b6 26. Rc1 Rfd8 27. Bg5 Re8 28.
Be2 h6 29. Bh4 b5 30. f4 Bf6 31. Nxf6 gxf6 32. cxb5 Ne7 33. Qd4 Nd5 34. Bf3 Kh7
35. Rc6 Nb6 36. Qxf6 Qxf6 37. Bxf6 Bc4 38. Rc1 d5 39. Bd4 Nd7 40. Rxc8 Rxc8 41.
Bxd5 1-0

[Event "Karposh Open  2012"]
[Site "Skopje MKD"]
[Date "2012.04.07"]
[Round "1.16"]
[White "Hristovski, Srdzan"]
[Black "Drazic, Sinisa"]
[Result "1-0"]
[WhiteElo "2138"]
[BlackElo "2536"]
[PlyCount "51"]
[EventDate "2012.04.07"]
[EventType "swiss"]
[EventRounds "9"]
[Source "lmi"]
[SourceDate "2012.04.07"]

1. d4 g6 2. e4 d6 3. Nc3 a6 4. h3 Bg7 5. Be3 Nd7 6. Qd2 c5 7. g4 b5 8. Bg2 Bb7
9. Nge2 h5 10. g5 b4 11. Nd5 e6 12. Ndf4 a5 13. h4 cxd4 14. Nxd4 Nc5 15. Nb5
Ra6 16. O-O-O Na4 17. Nxd6+ Rxd6 18. Qxd6 Bxb2+ 19. Kb1 Qxd6 20. Rxd6 Be5 21.
Rd3 Nc3+ 22. Rxc3 Bxc3 23. Ne2 Bg7 24. Bb6 Ne7 25. Bxa5 Nc6 26. Bb6 1-0

[Event "Karposh Open  2012"]
[Site "Skopje MKD"]
[Date "2012.04.07"]
[Round "1.17"]
[White "Georgiev, Vladimir"]
[Black "Kacakovski, Dimitar"]
[Result "1-0"]
[WhiteElo "2531"]
[BlackElo "2128"]
[PlyCount "61"]
[EventDate "2012.04.07"]
[EventType "swiss"]
[EventRounds "9"]
[Source "lmi"]
[SourceDate "2012.04.07"]

1. d4 d5 2. Bf4 Nf6 3. e3 c5 4. dxc5 e6 5. b4 a5 6. c3 axb4 7. cxb4 Bd7 8. Nc3
Nc6 9. a3 e5 10. Bg5 d4 11. Nb5 Bf5 12. Bc4 d3 13. Nf3 Qd7 14. Bxf6 gxf6 15.
Nc3 Rd8 16. e4 Bg6 17. O-O Bg7 18. Bd5 f5 19. exf5 Bxf5 20. Nh4 Be6 21. Bxe6
Qxe6 22. Ne4 O-O 23. Qh5 Nd4 24. Rad1 Ne2+ 25. Kh1 h6 26. Nf5 Nf4 27. Qg4 Ng6
28. Ned6 Qb3 29. Qe4 Nf4 30. Nxg7 Kxg7 31. Qxe5+ 1-0

[Event "Karposh Open  2012"]
[Site "Skopje MKD"]
[Date "2012.04.07"]
[Round "1.18"]
[White "Kukov, Tode"]
[Black "Blagojevic, Dragisa"]
[Result "0-1"]
[WhiteElo "2112"]
[BlackElo "2523"]
[PlyCount "82"]
[EventDate "2012.04.07"]
[EventType "swiss"]
[EventRounds "9"]
[Source "lmi"]
[SourceDate "2012.04.07"]

1. e4 e5 2. Nf3 Nc6 3. Bc4 Bc5 4. c3 Nf6 5. d3 a6 6. Nbd2 O-O 7. Nf1 d5 8. exd5
Nxd5 9. Bg5 f6 10. Be3 Be7 11. Ng3 Na5 12. Bxd5+ Qxd5 13. b4 Nc6 14. Qb3 Qxb3
15. axb3 Be6 16. O-O Bxb3 17. Nf5 Bd5 18. Nd2 Rfd8 19. c4 Be6 20. Nxe7+ Nxe7
21. Ne4 Bf5 22. Ra3 Nc6 23. b5 axb5 24. Rxa8 Rxa8 25. cxb5 Nb4 26. f3 Nxd3 27.
Rd1 Bxe4 28. fxe4 Nb2 29. Rc1 Ra4 30. Rxc7 Rxe4 31. Ba7 b6 32. Bxb6 Nd3 33. Ba5
Ra4 34. Bc3 Ra3 35. h4 Rb3 36. h5 h6 37. Kf1 Rxb5 38. Ke2 Nf4+ 39. Kf3 Nxh5 40.
g3 f5 41. g4 e4+ 0-1

[Event "Karposh Open  2012"]
[Site "Skopje MKD"]
[Date "2012.04.07"]
[Round "1.19"]
[White "Savic, Miodrag R"]
[Black "Arizanov, Tome"]
[Result "1-0"]
[WhiteElo "2518"]
[BlackElo "2108"]
[PlyCount "71"]
[EventDate "2012.04.07"]
[EventType "swiss"]
[EventRounds "9"]
[Source "lmi"]
[SourceDate "2012.04.07"]

1. e4 g6 2. d4 Bg7 3. Nf3 d6 4. h3 Nf6 5. Nc3 O-O 6. Be3 b6 7. Bd3 Na6 8. O-O
c5 9. d5 Nc7 10. a4 Rb8 11. Rb1 Bd7 12. Qd2 b5 13. axb5 Bxb5 14. Nxb5 Nxb5 15.
c4 Nc7 16. b4 cxb4 17. Rxb4 Rxb4 18. Qxb4 a6 19. Nd4 Qa8 20. Nc6 Re8 21. Qb6
Qc8 22. Rb1 Nd7 23. Qb7 Kf8 24. Na7 Qd8 25. Nc6 Qc8 26. Qxc8 Rxc8 27. Rb7 Ne5
28. Na7 Rd8 29. Be2 Ne8 30. f4 Rd7 31. Rb8 Bh6 32. g3 Rc7 33. Bb6 Rxc4 34. Bxc4
Nxc4 35. Bd8 Nf6 36. Nc6 1-0

[Event "Karposh Open  2012"]
[Site "Skopje MKD"]
[Date "2012.04.07"]
[Round "1.20"]
[White "Arat, Ufuk Sezen"]
[Black "Rusev, Krasimir"]
[Result "0-1"]
[WhiteElo "2089"]
[BlackElo "2516"]
[PlyCount "66"]
[EventDate "2012.04.07"]
[EventType "swiss"]
[EventRounds "9"]
[Source "lmi"]
[SourceDate "2012.04.07"]

1. e4 e6 2. d3 c5 3. g3 Nc6 4. Bg2 g6 5. Nc3 Bg7 6. Be3 d6 7. Qd2 Nd4 8. Nd1
Qb6 9. c3 Qa6 10. cxd4 cxd4 11. Bg5 h6 12. Bd8 Kxd8 13. f4 Ne7 14. Nf3 e5 15.
O-O Be6 16. Nh4 Bf6 17. f5 gxf5 18. Nxf5 Bxf5 19. exf5 Qb6 20. h4 d5 21. Nf2
Rg8 22. Qxh6 Kd7 23. Nh1 Rg7 24. Rac1 Rag8 25. Rf2 Qd6 26. b4 Rg4 27. Qh5 Ke8
28. Rfc2 e4 29. Rc7 exd3 30. Rxb7 d2 31. Rd1 Qe5 32. Bxd5 Qe3+ 33. Kh2 Qe2+ 0-1

[Event "Karposh Open  2012"]
[Site "Skopje MKD"]
[Date "2012.04.07"]
[Round "1.24"]
[White "Matijevic, Filip"]
[Black "Drenchev, Petar"]
[Result "0-1"]
[WhiteElo "2061"]
[BlackElo "2499"]
[PlyCount "50"]
[EventDate "2012.04.07"]
[EventType "swiss"]
[EventRounds "9"]
[Source "lmi"]
[SourceDate "2012.04.07"]

1. e4 c5 2. d3 d5 3. exd5 Qxd5 4. Nc3 Qd7 5. g3 Nc6 6. Bg2 b6 7. Nf3 Bb7 8. O-O
g6 9. Re1 Bg7 10. Bf4 Nh6 11. Ne5 Nxe5 12. Bxb7 Qxb7 13. Bxe5 f6 14. Bd6 Nf5
15. Bf4 O-O 16. Be3 Rad8 17. Qe2 e5 18. Ne4 c4 19. f3 cxd3 20. cxd3 Rd7 21.
Rac1 Qa6 22. d4 Qxe2 23. Rxe2 Nxe3 24. Rxe3 Bh6 25. f4 exf4 0-1

[Event "Karposh Open  2012"]
[Site "Skopje MKD"]
[Date "2012.04.07"]
[Round "1.25"]
[White "Todorovic, Goran M"]
[Black "Savoglou, Nikolaos"]
[Result "1-0"]
[WhiteElo "2499"]
[BlackElo "2055"]
[PlyCount "47"]
[EventDate "2012.04.07"]
[EventType "swiss"]
[EventRounds "9"]
[Source "lmi"]
[SourceDate "2012.04.07"]

1. e4 e6 2. d4 d5 3. Nd2 c5 4. Ngf3 cxd4 5. Nxd4 Nc6 6. Bb5 Bd7 7. Bxc6 Bxc6 8.
Nxc6 bxc6 9. c4 dxe4 10. Qa4 f5 11. Qxc6+ Kf7 12. O-O Nf6 13. Nb3 Qc8 14. Qa4
Nd7 15. Bf4 Be7 16. Rac1 Bf6 17. c5 Ne5 18. Bxe5 Bxe5 19. Rfd1 Rd8 20. c6 Rd5
21. Rxd5 exd5 22. c7 Qe6 23. Rc6 Qe8 24. Qb5 1-0

[Event "Karposh Open  2012"]
[Site "Skopje MKD"]
[Date "2012.04.07"]
[Round "1.26"]
[White "Vucko, Jozsef"]
[Black "Berescu, Alin-Mile"]
[Result "0-1"]
[WhiteElo "2054"]
[BlackElo "2494"]
[PlyCount "54"]
[EventDate "2012.04.07"]
[EventType "swiss"]
[EventRounds "9"]
[Source "lmi"]
[SourceDate "2012.04.07"]

1. d4 e6 2. c4 d5 3. Nc3 c6 4. cxd5 exd5 5. Nf3 Bf5 6. Bg5 Qb6 7. Qd2 Nd7 8. e3
Ngf6 9. Be2 Bd6 10. O-O Ne4 11. Qc1 Bg4 12. Bh4 Qc7 13. Bg3 Nxg3 14. hxg3 f5
15. Qc2 Nf6 16. Rac1 Qe7 17. Nh4 g6 18. Bd3 O-O 19. Rfe1 Rae8 20. f4 Ne4 21.
Kh2 Qg7 22. Rh1 g5 23. Nf3 gxf4 24. Bxe4 fxg3+ 25. Kg1 fxe4 26. Nd2 Rf2 27. Nd1
Ref8 0-1

[Event "Karposh Open  2012"]
[Site "Skopje MKD"]
[Date "2012.04.07"]
[Round "1.27"]
[White "Likavsky, Tomas"]
[Black "Spirliadis, Achileas"]
[Result "1-0"]
[WhiteElo "2486"]
[BlackElo "2053"]
[PlyCount "85"]
[EventDate "2012.04.07"]
[EventType "swiss"]
[EventRounds "9"]
[Source "lmi"]
[SourceDate "2012.04.07"]

1. d4 Nf6 2. c4 e6 3. Nc3 Bb4 4. Qc2 c5 5. dxc5 Bxc5 6. Nf3 O-O 7. Bg5 Nc6 8.
e3 Be7 9. Be2 a6 10. O-O h6 11. Bh4 b6 12. Rfd1 Qc7 13. Rd2 Rd8 14. Rad1 Bb7
15. Bg3 d6 16. Nd5 exd5 17. cxd5 Nh5 18. Nd4 Nxg3 19. hxg3 Bf6 20. dxc6 Bc8 21.
Bf3 Ra7 22. Ne2 Be6 23. Nf4 Qe7 24. Bd5 Bg4 25. Rc1 Rc7 26. a4 Be5 27. Qb3 Bxf4
28. gxf4 Rb8 29. Qd3 b5 30. a5 Qf6 31. b4 Rbc8 32. g3 Bd7 33. Rdc2 Be6 34. e4
Kf8 35. Qe3 Rb8 36. Rd2 Bxd5 37. exd5 Re7 38. c7 Rc8 39. Qb6 Qg6 40. Rdc2 Ree8
41. Qxa6 Qd3 42. Qxd6+ Kg8 43. Qd7 1-0

[Event "Karposh Open  2012"]
[Site "Skopje MKD"]
[Date "2012.04.07"]
[Round "1.28"]
[White "Markovski, Velo"]
[Black "Saric, Sinisa"]
[Result "0-1"]
[WhiteElo "2040"]
[BlackElo "2480"]
[PlyCount "90"]
[EventDate "2012.04.07"]
[EventType "swiss"]
[EventRounds "9"]
[Source "lmi"]
[SourceDate "2012.04.07"]

1. e4 d5 2. exd5 Qxd5 3. Nc3 Qa5 4. Bc4 Nf6 5. d3 Bg4 6. f3 Bd7 7. Bd2 Qb6 8.
Nge2 e6 9. Ng3 Be7 10. Qe2 c5 11. O-O Nc6 12. Be3 O-O 13. Rab1 Na5 14. b4 Nxc4
15. dxc4 Qc7 16. b5 Rad8 17. Rbd1 Bc8 18. Nce4 Nxe4 19. Nxe4 Qe5 20. Rxd8 Rxd8
21. Rd1 Rxd1+ 22. Qxd1 f5 23. Bg5 Bxg5 24. Nxg5 Qe3+ 25. Kf1 Qxg5 26. Qd6 Qc1+
27. Kf2 Qxc2+ 28. Kg3 f4+ 29. Qxf4 Qg6+ 30. Kf2 Qe8 31. Qc7 Qd7 32. Qxc5 b6 33.
Qe3 Qc7 34. Qe4 h6 35. a4 Kf7 36. h4 Bb7 37. Qg4 Qe5 38. Kf1 h5 39. Qh3 Qa1+
40. Kf2 Qd4+ 41. Ke1 Qxc4 42. Qg3 Bd5 43. Qb8 Qxh4+ 44. Kf1 Qxa4 45. Qc7+ Kg6
0-1

[Event "Karposh Open  2012"]
[Site "Skopje MKD"]
[Date "2012.04.07"]
[Round "1.32"]
[White "Ajrula, Adnan"]
[Black "Nestorovic, Nikola"]
[Result "0-1"]
[WhiteElo "1984"]
[BlackElo "2462"]
[PlyCount "68"]
[EventDate "2012.04.07"]
[EventType "swiss"]
[EventRounds "9"]
[Source "lmi"]
[SourceDate "2012.04.07"]

1. d4 Nf6 2. Nf3 c5 3. Bf4 cxd4 4. Nxd4 e5 5. Bxe5 Qa5+ 6. Nd2 Qxe5 7. N2f3
Qa5+ 8. c3 Nc6 9. e3 d5 10. Bb5 Bd7 11. Bxc6 bxc6 12. Ne5 Qa6 13. f3 Be7 14. g4
h6 15. f4 Bd6 16. Nxd7 Nxd7 17. Nf5 Bf8 18. Qd4 Qb6 19. O-O-O Qxd4 20. exd4 g6
21. Rhe1+ Kd8 22. Ne3 Bd6 23. Rf1 Re8 24. Kd2 Re4 25. f5 g5 26. Kd3 Nf6 27. h3
Kd7 28. c4 Rae8 29. Rf3 Bf4 30. Nc2 Re2 31. c5 Rh2 32. Re1 Rd2+ 33. Kc3 Rxc2+
34. Kxc2 Rxe1 0-1

[Event "Karposh Open  2012"]
[Site "Skopje MKD"]
[Date "2012.04.07"]
[Round "1.33"]
[White "Hunt, Adam C"]
[Black "Jonoska, Katerina"]
[Result "1-0"]
[WhiteElo "2454"]
[BlackElo "1982"]
[PlyCount "51"]
[EventDate "2012.04.07"]
[EventType "swiss"]
[EventRounds "9"]
[Source "lmi"]
[SourceDate "2012.04.07"]

1. e4 e5 2. Nf3 Nc6 3. Bb5 a6 4. Ba4 Nf6 5. O-O Be7 6. Re1 d6 7. c3 Bg4 8. h3
Bh5 9. d3 O-O 10. Nbd2 b5 11. Bc2 Re8 12. Nf1 d5 13. Qe2 Bxf3 14. Qxf3 d4 15.
Ng3 g6 16. Ne2 Nh5 17. Bb3 Rf8 18. Bh6 Ng7 19. Bd5 Qd6 20. cxd4 exd4 21. Bf4
Qd7 22. Rac1 Nb4 23. Rxc7 Qd8 24. Bxa8 Ne6 25. Rxe7 Qxe7 26. Bd5 1-0

[Event "Karposh Open  2012"]
[Site "Skopje MKD"]
[Date "2012.04.07"]
[Round "1.34"]
[White "Cavusoglu, Yildiz"]
[Black "Smith, Bryan G"]
[Result "0-1"]
[WhiteElo "1971"]
[BlackElo "2450"]
[PlyCount "56"]
[EventDate "2012.04.07"]
[EventType "swiss"]
[EventRounds "9"]
[Source "lmi"]
[SourceDate "2012.04.07"]

1. d4 Nf6 2. Nf3 e6 3. Bf4 c5 4. c3 b6 5. e3 Bb7 6. Be2 Be7 7. h3 O-O 8. O-O d6
9. Nbd2 Nbd7 10. a4 a6 11. Nc4 Ne4 12. Qb3 Bd5 13. Qc2 Qc7 14. Ncd2 Nxd2 15.
Nxd2 cxd4 16. exd4 Qb7 17. Bf3 Nf6 18. Bxd5 Qxd5 19. Bh2 Rfc8 20. Qb3 Qxb3 21.
Nxb3 Kf8 22. Rfc1 Ke8 23. Nd2 Kd7 24. Ne4 Nd5 25. f4 f5 26. Ng5 Bxg5 27. fxg5
b5 28. Kf2 Nb6 0-1

[Event "Karposh Open  2012"]
[Site "Skopje MKD"]
[Date "2012.04.07"]
[Round "1.35"]
[White "Bogdanovski, Vlatko"]
[Black "Miskoski, Misko"]
[Result "1-0"]
[WhiteElo "2435"]
[BlackElo "1965"]
[PlyCount "25"]
[EventDate "2012.04.07"]
[EventType "swiss"]
[EventRounds "9"]
[Source "lmi"]
[SourceDate "2012.04.07"]

1. c4 Nf6 2. Nc3 g6 3. d4 Bg7 4. e4 d6 5. f3 O-O 6. Bg5 c6 7. Qd2 Re8 8. Nge2
a6 9. h4 h5 10. O-O-O b5 11. g4 Bxg4 12. fxg4 Nxg4 13. Nf4 1-0